Timber (Record no. 110243)

MARC details
000 -LEADER
fixed length control field 00948cam a22002295a 4500
001 - CONTROL NUMBER
control field E148819
008 - FIXED-LENGTH DATA ELEMENTS--GENERAL INFORMATION
fixed length control field 091111s2007 xxk f 000 0 eng d
035 ## - SYSTEM CONTROL NUMBER
System control number (Sirsi) u148819
041 0# - LANGUAGE CODE
Language code of text/sound track or separate title eng
050 04 - LIBRARY OF CONGRESS CALL NUMBER
Classification number 694.01 $2 18
110 2# - MAIN ENTRY--CORPORATE NAME
Corporate name or jurisdiction name as entry element United Nations
9 (RLIN) 2749
245 00 - TITLE STATEMENT
Title Timber
Remainder of title a guide to the planning, use, procurement and logistics of timber as a construction material in humanitarian relief, scoping study
260 ## - PUBLICATION, DISTRIBUTION, ETC.
Place of publication, distribution, etc. [Geneva]
Name of publisher, distributor, etc. United Nations
Date of publication, distribution, etc. 2007
300 ## - PHYSICAL DESCRIPTION
Extent viii, 74p.
Other physical details ill.
Dimensions 21cm.
505 2# - FORMATTED CONTENTS NOTE
Formatted contents note Introduction -- Planning and use -- Procurement -- Logistics -- Annexes
520 ## - SUMMARY, ETC.
Summary, etc. The scoping study for a document which aims to bring together published information and experiences on how humanitarian organisations procure and use timber in humanitarian emergencies.
521 ## - TARGET AUDIENCE NOTE
Target audience note Advanced
590 ## - LOCAL NOTE (RLIN)
Local note KA
651 #4 - SUBJECT ADDED ENTRY--GEOGRAPHIC NAME
Geographic name International
690 ## - LOCAL SUBJECT ADDED ENTRY--TOPICAL TERM (OCLC, RLIN)
Topical term or geographic name as entry element BUILT ENVIRONMENT-BUILDING MATERIALS-TIMBER-TIMBER AND WOOD
942 ## - ADDED ENTRY ELEMENTS (KOHA)
Suppress in OPAC 0
Holdings
Withdrawn status Lost status Source of classification or shelving scheme Damaged status Not for loan Home library Current library Shelving location Date acquired Total Checkouts Full call number Barcode Date last seen Copy number Price effective from Koha item type
    Dewey Decimal Classification     London London Pamphlets 11/11/2009   P694.01 UNI 30076510 06/08/2019 1 06/08/2019 Book